Airlines by Logo - Statistics

General Stats
  • This quiz has been taken 6,750 times
  • The average score is 9 of 12
Answer Stats
SVG Airlines % Correct
image/svg+xml Air Canada
97%
image/svg+xml American Airlines
92%
image/svg+xml Delta Air Lines
90%
image/svg+xml Lufthansa
88%
image/svg+xml KLM
84%
United Airlines
84%
image/svg+xml British Airways
83%
Ryanair
79%
image/svg+xml Southwest Airlines
72%
image/svg+xml Hawaiian Airlines
67%
image/svg+xml El Al
55%
image/svg+xml WestJet
49%
No matching quizzes found
Score Distribution
Percent of People with Each Score
Percentile by Number Answered
Your Score History
You have not taken this quiz